000 00284nam a2200109 4500
008 160629b xxu||||| |||| 00| 0 eng d
100 _91313
_a Shah, N.M
245 _aIntroduction to Statistics
260 _aN.D
_b Arya
_c2005
300 _aIntroduction to Statistics
942 _2ddc
_cBK
999 _c1075
_d1075